<?xml version="1.0" encoding="UTF-8"?><?xml-stylesheet type="text/xsl" href="static/style.xsl"?><OAI-PMH xmlns="http://www.openarchives.org/OAI/2.0/" xmlns:xsi="http://www.w3.org/2001/XMLSchema-instance" xsi:schemaLocation="http://www.openarchives.org/OAI/2.0/ http://www.openarchives.org/OAI/2.0/OAI-PMH.xsd"><responseDate>2026-04-14T02:59:42Z</responseDate><request verb="GetRecord" identifier="oai:www.recercat.cat:2117/440746" metadataPrefix="marc">https://recercat.cat/oai/request</request><GetRecord><record><header><identifier>oai:recercat.cat:2117/440746</identifier><datestamp>2026-01-15T11:24:58Z</datestamp><setSpec>com_2072_1033</setSpec><setSpec>col_2072_452951</setSpec></header><metadata><record xmlns="http://www.loc.gov/MARC21/slim" xmlns:dcterms="http://purl.org/dc/terms/" xmlns:xsi="http://www.w3.org/2001/XMLSchema-instance" xmlns:doc="http://www.lyncode.com/xoai" xsi:schemaLocation="http://www.loc.gov/MARC21/slim http://www.loc.gov/standards/marcxml/schema/MARC21slim.xsd">
   <leader>00925njm 22002777a 4500</leader>
   <datafield ind2=" " ind1=" " tag="042">
      <subfield code="a">dc</subfield>
   </datafield>
   <datafield ind2=" " ind1=" " tag="720">
      <subfield code="a">Metidieri Mañas, Nicolau</subfield>
      <subfield code="e">author</subfield>
   </datafield>
   <datafield ind2=" " ind1=" " tag="260">
      <subfield code="c">2025-07-17</subfield>
   </datafield>
   <datafield ind2=" " ind1=" " tag="520">
      <subfield code="a">Aquest treball presenta el disseny i desenvolupament del firmware per a controladors de taules motoritzades, resultat d’un conveni de pràctiques entre un estudiant de la UPC i l’empresa Sensofar. Es planteja la necessitat de crear un sistema integrat que superi les limitacions dels dispositius actuals, reduint-ne les dimensions i adaptant-lo a l’ús específic en els perfilòmetres òptics dissenyats per l’entitat. El nou controlador incorpora funcionalitats especials, autonomia en operacions clau i paràmetres configurables per satisfer les necessitats dels clients. L’objectiu principal és desenvolupar un firmware robust i flexible, capaç de gestionar eficientment taules motoritzades amb moviment en dos eixos ortogonals, proporcionant funcionalitats avançades i garantint la fiabilitat a llarg termini. Entre altres funcionalitats s’inclou la implementació de rutines de calibració, compensació d’errors mecànics, monitoratge de variables de diagnòstic i alertes en temps real. La metodologia de treball inclou l’anàlisi de requisits específics, la caracterització del maquinari involucrat, el desenvolupament modular de funcionalitats, la seva integració completa en un microcontrolador i la validació del conjunt. Els resultats mostren un firmware que compleix els requisits plantejats per l’empresa. S’ha aconseguit integrar rutines específiques per a la prevenció de danys mecànics, compensació d’errors mecànics, eines de diagnosi i autonomia en certes tasques, a més de garantir una alta precisió en el posicionament de la taula. El sistema ha demostrat una gran robustesa en condicions de treball continuades. En conclusió, el projecte proporciona un firmware capaç i adaptable, que respon a les necessitats específiques de Sensofar, ja introduït a la línia de producció</subfield>
   </datafield>
   <datafield tag="653" ind2=" " ind1=" ">
      <subfield code="a">Àrees temàtiques de la UPC::Enginyeria electrònica</subfield>
   </datafield>
   <datafield tag="653" ind2=" " ind1=" ">
      <subfield code="a">Optical detectors</subfield>
   </datafield>
   <datafield tag="653" ind2=" " ind1=" ">
      <subfield code="a">Computer firmware</subfield>
   </datafield>
   <datafield tag="653" ind2=" " ind1=" ">
      <subfield code="a">Measuring instruments</subfield>
   </datafield>
   <datafield tag="653" ind2=" " ind1=" ">
      <subfield code="a">Detectors òptics</subfield>
   </datafield>
   <datafield tag="653" ind2=" " ind1=" ">
      <subfield code="a">Microprogramari</subfield>
   </datafield>
   <datafield tag="653" ind2=" " ind1=" ">
      <subfield code="a">Mesurament -- Instruments</subfield>
   </datafield>
   <datafield ind2="0" ind1="0" tag="245">
      <subfield code="a">Disseny i desenvolupament de la interfície de control i comunicació per a perfilòmetres òptics</subfield>
   </datafield>
</record></metadata></record></GetRecord></OAI-PMH>